| 000 | 01074nam a2200229Ia 4500 | ||
|---|---|---|---|
| 003 | Ost | ||
| 005 | 20260507074910.0 | ||
| 008 | 260507s9999||||xx |||||||||||||| ||und|| | ||
| 020 | _a6660245446 | ||
| 040 | _cfsecg | ||
| 041 | _aara | ||
| 082 | _a657 | ||
| 100 |
_aالمطيري، عبيد بن سعد _eمؤلف |
||
| 245 | 0 |
_aمستقبل مهنة المحاسبة والمراجعة : _bتحديات وقضايا معاصرة / _c عبيد بن سعد المطيري |
|
| 260 |
_aالرياض: _bدرا المريخ للنشر, _c2004 |
||
| 300 |
_a146 صفحة؛ _bإيضاحات ؛ _c24 سم |
||
| 504 | _aببليوغرافيا: ص.141 | ||
| 520 | _aمهنة المحاسبة في عصر التطور التقني للمعلومات والتجارة الإلكترونية، مهنة المحاسبة وآثار اتفاقية الجاتس، تعزيز الثقة والشفافية وتطبيق الإجراءات الحاكمة في الشركات المساهمة | ||
| 653 | _aالمحاسبة | ||
| 653 | _aمهنة المحاسبة | ||
| 942 | _cكتاب | ||
| 999 |
_c41735 _d41735 |
||